02364 a2200217 45000010006000000050017000060080041000230030015000640400040000790800064001192450108001830200018002912640032003093000023003415051606003640410008019701000019019787000022019977000028020198560099020474978520260407155758.0260407a1997 arg spa dAR-UNSa-BCEJYS aAR-UNSa-BCEJYSbspacAR-UNSa-BCEJYS a504xCiencias del medio ambiente. Ciencias medioambientales10aIngeniería de diseño medioambiental. DFEpdesarrollo integral de productos y procesos ecoeficientes a84-481-0752-7 1aMadrid :bMcGraw-Hillc1997 axx, 512 p.c25 cm. a1. Introducción - PARTE I: Respondiendo a la llamada: La frontera verde: 2. Las fuerzas motivadoras - 3. Hacia un desarrollo sostenible - 4. Responsabilidad ambiental corporativa - PARTE II: Mirando al bosque: El arte y la ciencia del DFE - 5. Principios conceptuales del DFE - 6. Desarrollo d productos y procesos - 7. Variables de medición del rendimiento ambiental - 8. Guías prácticas para el DFE - 9. Métodos para evaluar y mejorar el rendimiento ambiental - 10. Gestión integral del ciclo de vida - PARTE III: Andando lo dicho: Historias de pioneros: 11. El marco conceptual del DFE en AT&T - 12. Productos ambientalmente sensibles: una iniciativa de IBM - 13. El programa de Hewlett-Packard para un liderazgo de producto orientado hacia el ciclo de la vida - 14. Evaluación del ciclo de la vida de una estación de trabajo - 15. DFE en el diseño de equipos para la fabricación de semiconductores - 16. DFE en Pacific Gas & Electric - 17. Gestión ambiental para los noventa en ARCO - 18. Cuidando del medio ambiente en Baxter Healthcare - 19. Las diez maneras de prevenir la contaminación mediante diseño en Coors - 20. Práctica medioambiental en WMX Technologies - 21. Construyendo un futuro sostenible en Dow Chemical - 22. El programa de DFE de la USEPA - PARTE IV: Trazando el Rumbo: El camino por delante: 23. Aspectos organizativos en el DFE - 24. DFE: Planificación corporativa y oportunidades de cumplimiento - 25. Ecología industrial: un contexto para el diseño y la decisión - 26. El diseño para el medio ambiente en perspectiva - 27. Conclusión. aspa1 aFiksel, Joseph1 aArquiaga, Carlota1 aGarcía Luna, Mercedes41uhttps://www.biblioeco.unsa.edu.ar/pmb/images/libros/L128177.jpgyImagen de portadaqimage/jpeg